Silueta Urbana de norteamérica : (Record no. 9206)

MARC details
000 -LEADER
campo de control de longitud fija 00382nam a2200121Ia 4500
005 - FECHA Y HORA DE LA ÚLTIMA TRANSACCIÓN
campo de control 20260328101511.0
008 - DATOS DE LONGITUD FIJA--INFORMACIÓN GENERAL
campo de control de longitud fija 260328s9999||||xx |||||||||||||| ||und||
100 ## - ENTRADA PRINCIPAL--NOMBRE DE PERSONA
Nombre de persona Tunnard, Christopher
245 #0 - MENCIÓN DEL TÍTULO
Título Silueta Urbana de norteamérica :
Resto del título El crecimiento y la Forma de nuestras Ciudades y poblaciones /
Mención de responsabilidad, etc. Christopher Tunnard
300 ## - DESCRIPCIÓN FÍSICA
Extensión 355 p.
650 ## - PUNTO DE ACCESO ADICIONAL DE MATERIA--TÉRMINO DE MATERIA
Término de materia o nombre geográfico como elemento de entrada DISEÑO URBANO
942 ## - ELEMENTOS DE ENTRADA SECUNDARIOS (KOHA)
Tipo de ítem Koha Libros
Holdings
Estatus retirado Estado de pérdida Estado de daño No para préstamo Colección Biblioteca de origen Biblioteca actual Ubicación en estantería Fecha de adquisición Número de inventario Total de préstamos Signatura topográfica completa Código de barras Visto por última vez Copia número Precio de reemplazo Tipo de ítem Koha
        General Biblioteca Gonzalo Peláez Caldas Biblioteca Gonzalo Peláez Caldas Colección general 28/03/2026 3045   711.1 T 835 3045 28/03/2026 1 28/03/2026 Libros